Integración y verificaicón de los módulos del proyecto abierto papiGB
Salvato in:
| Autore principale: | |
|---|---|
| Altri autori: | |
| Natura: | Libro |
| Lingua: | Spanish |
| Pubblicazione: |
[San José ], Costa Rica
2016
|
| Soggetti: | |
| Tags: |
Aggiungi Tag
Nessun Tag, puoi essere il primo ad aggiungerne!!
|
MARC
| LEADER | 00000nam a22000007a 4500 | ||
|---|---|---|---|
| 003 | 012653 | ||
| 005 | 20230920130154.0 | ||
| 008 | 171002b2016 cr a|||| |m|| 00| ||spa d | ||
| 040 | |c cru CEDI | ||
| 090 | |a TFG 7804 | ||
| 100 | |9 10004 |a Valverde Gardela, Herbeth Gerard | ||
| 245 | |a Integración y verificaicón de los módulos del proyecto abierto papiGB | ||
| 260 | |a [San José ], Costa Rica |c 2016 | ||
| 300 | |a ix, 27 hojas ; ilustraciones | ||
| 500 | |a Proyecto de graduación (bachillerato en ingeniería eléctrica)--Universidad de Costa Rica. Facultad de Ingeniería. Escuela de Ingeniería Eléctrica | ||
| 501 | |a Profesor Guía de IE-0499 Proyecto Eléctrico: M.Sc. Diego Valverde Garro | ||
| 650 | |x VIDEOJUEGOS |x ELECTRONICA - APARATOS E INSTRUMENTOS |x JUEGOS ELECTRONICOS |x DISPOSITIVOS ELECTROMECANICOS |x SISTEMAS ELECTRONICOS |x ELECTRONICA |9 1796 | ||
| 700 | |9 1185 |a Diego Valverde Garro, 1979- |d Director de Proyecto Eléctrico | ||
| 942 | |c CEDI | ||
| 999 | |c 19054 |d 19054 | ||
